Psychotherapy with families : an analytic approach /

Bibliographic Details
Other Authors: Box, Sally
Format: Book
Language:English
Published: London ; Boston : Routledge & Kegan Paul, 1981.
Subjects:

MARC

Tag First Indicator Second Indicator Subfields
LEADER 00000cam a22000008a 4500
001 in00000082871
005 20151008054244.0
008 810424s1981 enk b 00100 eng
010 |a  81007320  
020 |a 0710008546 :  |c $15.00 
035 |a (OCoLC)07553821 
035 |9 AAJ0112AM 
039 0 |a 2  |b 3  |c 3  |d 3  |e 3 
040 |a DLC  |c DLC  |d TXA  |d UtOrBLW 
049 |a TXAM  |c [800466] 
050 0 0 |a RC488.5  |b .P79 
082 0 |a 616.89/156  |2 19 
245 0 0 |a Psychotherapy with families :  |b an analytic approach /  |c Sally Box [and others]. 
263 |a 8112 
264 1 |a London ;  |a Boston :  |b Routledge & Kegan Paul,  |c 1981. 
300 |a xii, 179 pages ;  |c 24 cm. 
336 |a text  |b txt  |2 rdacontent 
337 |a unmediated  |b n  |2 rdamedia 
338 |a volume  |b nc  |2 rdacarrier 
500 |a Includes index. 
504 |a Bibliography: pages 173-176. 
650 0 |a Family psychotherapy. 
650 0 |a Psychoanalysis. 
700 1 |a Box, Sally. 
999 |a MARS 
999 f f |s 95cc6f39-76e8-3bdf-871f-af52c042e8c1  |i 5f3d7330-2597-364e-adaf-c1f8b12cbe09  |t 0 
952 f f |p ric  |a Texas A&M University  |b Rellis Campus  |c Joint Library Facility  |d Remote Storage  |t 0  |e RC488.5 .P79  |h Library of Congress classification  |i unmediated -- volume  |m A14806230066 
998 f f |a RC488.5 .P79  |t 0  |l Remote Storage